Countries by Second Letter - Statistics

General Stats
  • This quiz has been taken 46 times
    7 since last reset
  • The average score is 17 of 22
Answer Stats
Hint Answer % Correct
O Costa Rica | Honduras | Dominica | Bolivia | Colombia | Portugal | Bosnia and Herzegovina | Kosovo | Montenegro | Moldova | Romania | Poland | Monaco | Norway | North Macedonia | Jordan | Mongolia | North Korea | South Korea | South Africa | South Sudan | Mozambique | Somalia | Morocco | Togo | Côte d’Ivoire | Comoros | Botswana | Tonga | Solomon Islands
100%
R Grenada | Trinidad and Tobago | Brazil | Uruguay | Argentina | Ireland | Greece | Croatia | Armenia | Iran | Iraq | Sri Lanka | Brunei | Eritrea
100%
U Guatemala | Cuba | Guyana | Suriname | Luxembourg | Hungary | Austria | Bulgaria | Russia | Turkey | Turkmenistan | Tunisia | Sudan | Burundi | Guinea | Burkina Faso | Tuvalu | Australia | Kuwait
100%
S Israel | Eswatini | Estonia
100%
E Mexico | Belize | Peru | Venezuela | Denmark | Belgium | Netherlands | Germany | Serbia | Belarus | Georgia | Lebanon | Yemen | Nepal | Kenya | Senegal | Central African Republic | Democratic Republic of Congo | Republic of the Congo | Seychelles | Lesotho | Benin | New Zealand | Federated States of Micronesia
100%
I Nicaragua | Finland | Lithuania | Liechtenstein | Vietnam | Singapore | Timor-Leste | Libya | Zimbabwe | Niger | Sierra Leone | Liberia | Fiji | Kiribati
100%
N United States of America | Antigua and Barbuda | United Kingdom | Andorra | United Arab Emirates | India | Indonesia | Angola
100%
F Afghanistan
80%
A Canada | Panama | Haiti | Jamaica | Bahamas | Barbados | Saint Kitts and Nevis | Saint Lucia | Saint Vincent and the Grenadines | Paraguay | San Marino | Vatican City | Malta | Latvia | Namibia | Zambia | Malawi | Mauritius | Madagascar | Tanzania | Gambia | Mali | Mauritania | Gabon | Cape Verde | São Tomé and Principe | Cameroon | Saudi Arabia | Qatar | Bahrain | Palestine | Maldives | Pakistan | Kazakhstan | Bangladesh | Tajikistan | Japan | Taiwan | Malaysia | Laos | Cambodia | East Timor | Samoa | Vanuatu | Palau | Nauru | Marshall Islands | Papua New Guinea
80%
H Chile | Bhutan | Thailand | China | Philippines | Chad | Ghana
80%
Y Cyprus | Syria | Kyrgyzstan | Myanmar
80%
Z Czech Republic | Uzbekistan | Azerbaijan
80%
J Djibouti
80%
C Ecuador | Iceland
80%
L El Salvador | Slovakia | Slovenia | Albania | Algeria
80%
M Oman
80%
G Egypt | Uganda
60%
Q Equatorial Guinea
60%
T Italy | Ethiopia
60%
P Spain
60%
W Sweden | Switzerland | Rwanda
60%
K Ukraine
20%
No matching quizzes found
Score Distribution
Percent of People with Each Score
Percentile by Number Answered
Your Score History
You have not taken this quiz since the last reset